书目信息 |
| 题名: |
神粮
|
|
| 作者: | 丘望生 , 费文娟 译 | |
| 分册: | ||
| 出版信息: | 成都 四川人民出版社 1997.06 |
|
| 页数: | 252页 | |
| 开本: | 32开 | |
| 丛书名: | ||
| 单 册: | ||
| 中图分类: | I561.455 | |
| 科图分类: | ||
| 主题词: | 文学 | |
| 电子资源: | ||
| ISBN: | 7-220-03696-5 | |
| 000 | 00566nam0 2200205 45 | |
| 001 | 0008101018 | |
| 005 | 20000810101814.4 | |
| 010 | @a7-220-03696-5@d9.00元 | |
| 100 | @a20000810d1997 km y0chiy0120 ea | |
| 101 | 0 | @achi |
| 105 | @a z 000yy | |
| 200 | 1 | @a神粮@AShen Liang@f丘望生,费文娟译@FQiu Wang Sheng,Fei Wen Juan Yi |
| 210 | @a成都@c四川人民出版社@d1997.06 | |
| 215 | @a252页@d32开 | |
| 606 | 0 | @a文学 |
| 690 | @aI561.455@v3 | |
| 701 | 0 | @a丘望生@4译 |
| 701 | 0 | @a费文娟@4译 |
| 801 | @aCN@bPftUser@c20000810 | |
| 905 | @dI561.455@eW755/1@b101797-801@f5 | |
| 神粮/丘望生,费文娟译.-成都:四川人民出版社,1997.06 |
| 252页;32开 |
| ISBN 7-220-03696-5:9.00元 |
| ● |
| 相关链接 |
|
|
|
正题名:神粮
索取号:I561.455/W755/1
 
预约/预借
| 序号 | 登录号 | 条形码 | 馆藏地/架位号 | 状态 | 备注 |
| 1 | 101797 | 201017979 | 社科二线422/116文学库 22排1列4层/ [索取号:I561.455/W755/1] | 在馆 | |
| 2 | 101798 | 201017988 | 社科二线400B/400B社科库 29排1列4层/ [索取号:I561.455/W755/1] | 在馆 | |
| 3 | 101799 | 201017997 | 社科二线422/422社科库 50排2列4层/ [索取号:I561.455/W755/1] | 在馆 | |
| 4 | 101800 | 201018004 | 文学库116/116文学库 22排1列4层/ [索取号:I561.455/W755/1] | 在馆 | |
| 5 | 101801 | 201018013 | 社科二线422/422社科库 48排1列3层/ [索取号:I561.455/W755/1] | 在馆 |